Normal view
MARC view
- Nationalists
Entry Topical Term
001 - CONTROL NUMBER
- control field: 5572
003 - CONTROL NUMBER IDENTIFIER
- control field: URS
005 - DATE AND TIME OF LATEST TRANSACTION
- control field: 20230719114317.0
008 - FIXED-LENGTH DATA ELEMENTS
- fixed length control field: 230719|| aca||babn | a|a d
040 ## - CATALOGING SOURCE
- Original cataloging agency: URS
150 ## - HEADING--TOPICAL TERM
- Topical term or geographic name entry element: Nationalists
- Geographic subdivision: Philippines
- Form subdivision: Biography